A média, mint modern mesemondó Archetípusok és morális keretezés a brit királyi család reprezentációjában
| Main Author: | |
|---|---|
| Other Authors: | |
| Format: | Students’ Scientific Association paper |
| Kulcsszavak: | erkölcsi értékek média mítoszok Nagy-Britannia újságírás |
| Online Access: | http://dolgozattar.uni-bge.hu/60421 |
MARC
| LEADER | 00000nta a2200000 i 4500 | ||
|---|---|---|---|
| 001 | dolg60421 | ||
| 005 | 20260416073652.0 | ||
| 008 | 260416suuuu hu o 000 hun d | ||
| 040 | |a BGE Dolgozattár Repozitórium |b hun | ||
| 041 | |a hu | ||
| 100 | 1 | |a Gerstner Enikő | |
| 245 | 1 | 2 | |a A média, mint modern mesemondó |b Archetípusok és morális keretezés a brit királyi család reprezentációjában |c Gerstner Enikő |h [elektronikus dokumentum] |
| 516 | |a Students_Scientific_Association_paper | ||
| 520 | 3 | |a A dolgozat a média morális keretezését vizsgálja: miként alakítja a sajtó a brit királyi család tagjainak erkölcsi megítélését ősi mesei és mitológiai archetípusok felidézésével. Lakoff metaforaelmélete és Goffman framing-fogalma alapján bemutatja hogy a modern média nem pusztán tájékoztat, hanem morális jelentéseket teremt. A brit napilapok archívumából és számos online forrásból gyűjtött sajtószemelvények elemzésével és szisztematikus feldolgozásával a dolgozat feltárja, miként válnak a királyi család történetei modern mítoszokká, ahol a „jó” és „rossz” örök sémái formálják a közönség erkölcsi érzékét. | |
| 695 | |a erkölcsi értékek | ||
| 695 | |a média | ||
| 695 | |a mítoszok | ||
| 695 | |a Nagy-Britannia | ||
| 695 | |a újságírás | ||
| 700 | 1 | |a Krasztev Dr. Péter Lajos |e ths | |
| 856 | 4 | 0 | |u http://dolgozattar.uni-bge.hu/60421/1/TDK%20Gerstner%20Enik%C5%91.pdf |z Dokumentum-elérés |
| 856 | 4 | 0 | |u http://dolgozattar.uni-bge.hu/60421/2/Gerstner%20Enik%C5%91.pdf |z Dokumentum-elérés |
| 856 | 4 | 0 | |u http://dolgozattar.uni-bge.hu/60421/3/TDK%20rez%C3%BCm%C3%A9%20-Gerstner%20Enik%C5%91.pdf |z Dokumentum-elérés |
| 856 | 4 | 0 | |u http://dolgozattar.uni-bge.hu/60421/4/TDK%20rez%C3%BCm%C3%A9%20-Gerstner%20Enik%C5%91.docx |z Dokumentum-elérés |
| 856 | 4 | 0 | |u http://dolgozattar.uni-bge.hu/60421/5/05_Dolgozat_biralati_lap_2025_HU%20Gerstner%20Enik%C5%91.pdf |z Dokumentum-elérés |
| 856 | 4 | 0 | |u http://dolgozattar.uni-bge.hu/60421/6/ZA_Dolgozat_biralati_lap_2025_HU%20%C3%9AJ%20LOGO.doc |z Dokumentum-elérés |